| 000 | 00494nam a22001937a 4500 | ||
|---|---|---|---|
| 003 | CEME | ||
| 005 | 20210628203459.0 | ||
| 008 | 210119b xxu||||| |||| 00| 0 eng d | ||
| 020 | _a8126511168 | ||
| 040 | _cceme | ||
| 082 | _a006.4 DUD | ||
| 100 |
_aDuda, Richard. O, Hart, Peter. E, Stork, David.G _965710 |
||
| 245 | _aPattern classification | ||
| 250 | _a2ND | ||
| 260 |
_aUSA _bJOHN WILEY _c2006 |
||
| 300 | _aXX, 654P | ||
| 650 |
_aPATTERN CLASSIFICATION _965711 |
||
| 942 |
_cBK _2ddc |
||
| 999 |
_c573847 _d573847 |
||